In the belly of the river : (Record no. 5589)

MARC details
000 -LEADER
fixed length control field 01668cam a2200217 4500
001 - CONTROL NUMBER
control field 6639
010 ## - LIBRARY OF CONGRESS CONTROL NUMBER
LC control number 95910549
020 ## - INTERNATIONAL STANDARD BOOK NUMBER
International Standard Book Number 0195635841
100 1# - MAIN ENTRY--PERSONAL NAME
Personal name Baviskar, Amita,
Dates associated with a name 1965-
245 10 - TITLE STATEMENT
Title In the belly of the river :
Remainder of title tribal conflicts over development in the Narmada Valley /
Statement of responsibility, etc. Amita Baviskar.
250 ## - EDITION STATEMENT
Edition statement 2nd ed.
Remainder of edition statement
260 ## - PUBLICATION, DISTRIBUTION, ETC.
Place of publication, distribution, etc. Delhi ;
-- New York :
Name of publisher, distributor, etc. Oxford University Press,
Date of publication, distribution, etc. 1995.
300 ## - PHYSICAL DESCRIPTION
Extent xvi, 308 p. :
Other physical details ill., maps ;
Dimensions 22 cm.
440 #0 - SERIES STATEMENT/ADDED ENTRY--TITLE
Title Studies in social ecology and environmental history
504 ## - BIBLIOGRAPHY, ETC. NOTE
Bibliography, etc. note Includes bibliographical references (p. [275]-283) and index.
505 ## - FORMATTED CONTENTS NOTE
Formatted contents note CONTENTS: Introduction -- National Development, Poverty and the Environment -- A History of Adivasi-State Relations -- Bhilalas: Caste or Tribe? -- Community and the Politics of Honour -- Economy and Ecology -- 'In the Belly of the River': Nature and Ideology -- The Politics of the Sangath -- The Politics of the Andolan -- Conclusions -- Appendix 1: Trees in the Forest around Anjanvara and their Uses -- Appendix 2: Gayana -- The Bhilala Song of Creation -- A Glossary of Hindi and Bhilali Words.
Miscellaneous information
Statement of responsibility
Title
520 ## - SUMMARY, ETC.
Summary, etc. Why are adivasis fighting the Narmada dam and other development projects in India today? Are adivasis 'ecologically noble savages' living in harmony with nature? What is the tribal relationship with nature today? How do people, whose struggles are the subject of theories of liberation and social change, perceive their own situation?
650 #0 - SUBJECT ADDED ENTRY--TOPICAL TERM
Topical term or geographic name entry element Dams
General subdivision Environmental aspects
Geographic subdivision India
-- Narmada River Region.
651 #0 - SUBJECT ADDED ENTRY--GEOGRAPHIC NAME
Geographic name Narmada River Region (India)
General subdivision Scheduled tribes.
Geographic name Narmada River Region (India)
General subdivision Social conditions.
Holdings
Withdrawn status Lost status Source of classification or shelving scheme Damaged status Not for loan Collection code Home library Current library Shelving location Date acquired Serial Enumeration / chronology Inventory number Total Checkouts Full call number Barcode Date last seen Date last checked out Price effective from Koha item type
    Dewey Decimal Classification     Main TEST RTC Library RTC Library Main opac 27/11/2018 10411 3 333.71 BAV 30011177 28/06/2021 21/06/2021 27/11/2018 Main
Royal Thimphu College || All Right Reserved